MARC details
| 000 -LEADER |
| campo de control de longitud fija |
02871cam a22005294a 4500 |
| 001 - NÚMERO DE CONTROL |
| campo de control |
53807 |
| 005 - FECHA Y HORA DE LA ÚLTIMA TRANSACCIÓN |
| campo de control |
20230410143400.0 |
| 008 - DATOS DE LONGITUD FIJA--INFORMACIÓN GENERAL |
| campo de control de longitud fija |
041202s2005 nmuab b s001 0 eng |
| 010 ## - NÚMERO DE CONTROL DE LA BIBLIOTECA DEL CONGRESO |
| Número de control de LC |
2004028625 |
| 035 ## - NÚMERO DE CONTROL DEL SISTEMA |
| Número de control de sistema |
(OCoLC)ocm57170054 |
| 040 ## - FUENTE DE CATALOGACIÓN |
| Centro catalogador/agencia de origen |
DLC |
| Centro/agencia transcriptor |
DLC |
| Centro/agencia modificador |
OCL |
| -- |
BAKER |
| -- |
IG# |
| -- |
YDXCP |
| -- |
BTCTA |
| 020 ## - NÚMERO INTERNACIONAL ESTÁNDAR DEL LIBRO |
| Número Internacional Estándar del Libro |
0826324029 |
| 020 ## - NÚMERO INTERNACIONAL ESTÁNDAR DEL LIBRO |
| Número Internacional Estándar del Libro |
9780826324023 |
| 020 ## - NÚMERO INTERNACIONAL ESTÁNDAR DEL LIBRO |
| Número Internacional Estándar del Libro |
0826324037 |
| 020 ## - NÚMERO INTERNACIONAL ESTÁNDAR DEL LIBRO |
| Número Internacional Estándar del Libro |
9780826324030 |
| 029 1# - OTRO NÚMERO DE CONTROL DE SISTEMA (OCLC) |
| Identificador de la biblioteca OCLC |
NLGGC |
| Número de control de sistema |
272049425 |
| 029 1# - OTRO NÚMERO DE CONTROL DE SISTEMA (OCLC) |
| Identificador de la biblioteca OCLC |
IG# |
| Número de control de sistema |
0826324029 |
| 029 1# - OTRO NÚMERO DE CONTROL DE SISTEMA (OCLC) |
| Identificador de la biblioteca OCLC |
IG# |
| Número de control de sistema |
0826324037 |
| 029 1# - OTRO NÚMERO DE CONTROL DE SISTEMA (OCLC) |
| Identificador de la biblioteca OCLC |
YDXCP |
| Número de control de sistema |
2184252 |
| 029 1# - OTRO NÚMERO DE CONTROL DE SISTEMA (OCLC) |
| Identificador de la biblioteca OCLC |
YDXCP |
| Número de control de sistema |
2178008 |
| 029 1# - OTRO NÚMERO DE CONTROL DE SISTEMA (OCLC) |
| Identificador de la biblioteca OCLC |
NZ1 |
| Número de control de sistema |
9009234 |
| 035 ## - NÚMERO DE CONTROL DEL SISTEMA |
| Número de control de sistema |
(OCoLC)57170054 |
| 042 ## - CÓDIGO DE AUTENTICACIÓN |
| Código de autenticación |
pcc |
| 043 ## - CÓDIGO DE ÁREA GEOGRÁFICA |
| Código de área geográfica |
cl----- |
| 050 14 - SIGNATURA TOPOGRÁFICA DE LA BIBLIOTECA DEL CONGRESO |
| Número de clasificación |
F1419.A1 |
| Número de ítem |
B573 2005 |
| 082 00 - NÚMERO DE LA CLASIFICACIÓN DECIMAL DEWEY |
| Número de clasificación |
305.8/00980 |
| Número de edición |
22 |
| 049 ## - FONDOS LOCALES (OCLC) |
| Biblioteca depositaria |
GRAL |
| 245 00 - MENCIÓN DEL TÍTULO |
| Título |
Beyond black and red : |
| Resto del título |
African-native relations in colonial Latin America / |
| Mención de responsabilidad, etc. |
edited by Matthew Restall. |
| 260 ## - PUBLICACIÓN, DISTRIBUCIÓN, ETC. |
| Lugar de publicación, distribución, etc. |
Albuquerque : |
| Nombre del editor, distribuidor, etc. |
University of New Mexico Press, |
| Fecha de publicación, distribución, etc. |
2005. |
| 300 ## - DESCRIPCIÓN FÍSICA |
| Extensión |
xv, 303 p. : |
| Otras características físicas |
ill., maps ; |
| Dimensiones |
24 cm. |
| 490 1# - MENCIÓN DE SERIE |
| Mención de serie |
Diálogos |
| 504 ## - NOTA DE BIBLIOGRAFÍA, ETC. |
| Nota de bibliografía, etc. |
Includes bibliographical references (p. 269-294) and index. |
| 505 0# - NOTA DE CONTENIDO CON FORMATO |
| Nota de contenido con formato |
Introduction: Black slaves, red paint / Matthew Restall -- Black soldiers, native soldiers : meanings of military service in the Spanish American colonies / Ben Vinson III and Matthew Restall -- Africans and Native Americans on the Spanish Florida frontier / Jane Landers -- Tapanhuns, Negros da Terra, and Curibocas : common cause and confrontation between Blacks and natives in colonial Brazil / Stuart B. Schwartz and Hal Langfur -- Conflict and cohabitation between Afro-Mexicans and Nahuas in central Mexico / Norma Angélica Castillo Palma and Susan Kellogg -- "Whites and mulattos, our enemies" : race relations and popular political culture in Nueva Granada / Renâee Soulodre-La France -- Africans and natives in the mines of Spanish America / Kris Lane -- Wolves and sheep? : Black-Maya relations in colonial Guatemala and Yucatan / Christopher Lutz and Matthew Restall -- Black read as red : ethnic transgression and hybridity in northeastern South America and the Caribbean / Neil L. Whitehead -- Black-native relations and the historical record in colonial Mexico / Patrick J. Carroll. |
| 651 #0 - PUNTO DE ACCESO ADICIONAL DE MATERIA--NOMBRE GEOGRÁFICO |
| Nombre geográfico |
Latin America |
| Subdivisión general |
Race relations |
| -- |
History. |
| 650 #0 - PUNTO DE ACCESO ADICIONAL DE MATERIA--TÉRMINO DE MATERIA |
| Término de materia o nombre geográfico como elemento de entrada |
Blacks |
| Subdivisión general |
Relations with Indians. |
| 700 1# - ENTRADA AGREGADA--NOMBRE PERSONAL |
| Nombre de persona |
Restall, Matthew, |
| Fechas asociadas al nombre |
1964- |
| 830 #0 - PUNTO DE ACCESO ADICIONAL DE SERIE-TÍTULO UNIFORME |
| Título uniforme |
Diâalogos (Albuquerque, N.M.) |
| 856 41 - LOCALIZACIÓN Y ACCESO ELECTRÓNICOS |
| Materiales especificados |
Table of contents |
| Identificador Uniforme de Recursos |
<a href="http://www.loc.gov/catdir/toc/ecip054/2004028625.html">http://www.loc.gov/catdir/toc/ecip054/2004028625.html</a> |
| 938 ## - |
| -- |
Baker & Taylor |
| -- |
BKTY |
| -- |
45.00 |
| -- |
45.00 |
| -- |
0826324029 |
| -- |
0006160244 |
| -- |
active |
| 938 ## - |
| -- |
Ingram |
| -- |
INGR |
| -- |
0826324037 |
| 938 ## - |
| -- |
Baker and Taylor |
| -- |
BTCP |
| -- |
2004028625 |
| 938 ## - |
| -- |
Baker & Taylor |
| -- |
BKTY |
| -- |
24.95 |
| -- |
24.95 |
| -- |
0826324037 |
| -- |
0006160245 |
| -- |
active |
| 938 ## - |
| -- |
YBP Library Services |
| -- |
YANK |
| -- |
2184252 |
| 942 ## - ELEMENTOS DE ENTRADA SECUNDARIOS (KOHA) |
| Fuente del sistema de clasificación o colocación |
Clasificación de Library of Congress |
| Tipo de ítem Koha |
|
| 994 ## - |
| -- |
C0 |
| -- |
DRFGD |
| 946 ## - PROCESAMIENTO DE INFORMACIÓN LOCAL (OCLC) |
| a |
csexposito |